Culturas y memoria : (Registro nro. 63818)
[ vista simple ]
| 000 -LEADER | |
|---|---|
| fixed length control field | 00922nam a2200265 u 4500 |
| 001 - CONTROL NUMBER | |
| control field | 63818 |
| 005 - DATE AND TIME OF LATEST TRANSACTION | |
| control field | 20180714070416.0 |
| 008 - FIXED-LENGTH DATA ELEMENTS--GENERAL INFORMATION | |
| fixed length control field | 160113s2012 mx r 000 0 spa d |
| 020 ## - INTERNATIONAL STANDARD BOOK NUMBER | |
| International Standard Book Number | 9786074213218 |
| 041 ## - LANGUAGE CODE | |
| Language code of text/sound track or separate title | spa |
| 082 0# - DEWEY DECIMAL CLASSIFICATION NUMBER | |
| Classification number | 901 |
| Item number | TEN |
| 100 1# - MAIN ENTRY--PERSONAL NAME | |
| Personal name | Tenorio-Trillo, Mauricio, |
| Dates associated with a name | 1962- |
| Relator term | autor |
| 245 10 - TITLE STATEMENT | |
| Title | Culturas y memoria : |
| Remainder of title | manual para ser historiador / |
| Statement of responsibility, etc. | Mauricio Tenorio Trillo. |
| 250 ## - EDITION STATEMENT | |
| Edition statement | Primera edición |
| 264 #1 - PRODUCTION, PUBLICATION, DISTRIBUTION, MANUFACTURE, AND COPYRIGHT NOTICE | |
| Place of production, publication, distribution, manufacture | México |
| Name of producer, publisher, distributor, manufacturer | Tusquets Editores México, |
| Date of production, publication, distribution, manufacture, or copyright notice | 2012 |
| 300 ## - PHYSICAL DESCRIPTION | |
| Extent | 357 páginas ; |
| Dimensions | 21 cm. |
| 336 ## - CONTENT TYPE | |
| Content type term | texto |
| Source | rdacontent |
| 337 ## - MEDIA TYPE | |
| Media type term | sin mediación |
| Source | rdamedia |
| 338 ## - CARRIER TYPE | |
| Carrier type term | volumen |
| Source | rdacarrier |
| 650 #4 - SUBJECT ADDED ENTRY--TOPICAL TERM | |
| Topical term or geographic name entry element | Historiografía |
| 650 #4 - SUBJECT ADDED ENTRY--TOPICAL TERM | |
| Topical term or geographic name entry element | Memoria |
| 650 #4 - SUBJECT ADDED ENTRY--TOPICAL TERM | |
| Topical term or geographic name entry element | Cultura |
| General subdivision | Historia |
| 650 #4 - SUBJECT ADDED ENTRY--TOPICAL TERM | |
| Topical term or geographic name entry element | Historia |
| General subdivision | Metodología |
| 740 0# - ADDED ENTRY--UNCONTROLLED RELATED/ANALYTICAL TITLE | |
| Uncontrolled related/analytical title | Culturas y memoria: Manual para ser historiador: una invitación teórica y práctica para escribir el pasado y reinventar el presente |
| Withdrawn status | Lost status | Source of classification or shelving scheme | Damaged status | Not for loan | Collection code | Home library | Current library | Shelving location | Date acquired | Source of acquisition | Inventory number | Total Checkouts | Total Renewals | Full call number | Barcode | Date last seen | Date last checked out | Price effective from | Koha item type |
|---|---|---|---|---|---|---|---|---|---|---|---|---|---|---|---|---|---|---|---|
| Dewey Decimal Classification | General | Biblioteca Karol Wojtyla | Biblioteca Karol Wojtyla | Sala general | 13/01/2016 | Compra | 151000000000000000009982 | 2 | 1 | 901 TEN 2012 | 94887 | 05/01/2026 | 07/10/2023 | 13/01/2016 | Libro |